| Registos Bibliográficos associados ao registo de autoridade |
|
Etiqueta de registo: 00254nam 2200025 450 001 2219275 003 http://id.bnportugal.gov.pt/bib/catbnp/2219275 010 ## $a978-989-9126-96-1 021 ## $aPT$b545551/25 100 ## $a20250704d2025 m y0pory01030103ba 101 0# $apor 102 ## $aPT 105 ## $ay z 000zy 106 ## $ar 200 1# $aMaria! Não me mates, que sou a tua mãe ;$a A senhora Rattazzi ;$aAquela casa triste$fCamilo Castelo Branco$gpref. Tânia Furtado Moreira 205 ## $a1ª ed 210 #9 $aPorto$cBook Cover,$d2025 215 ## $a69 p.$d21 cm 517 1# $a A senhora Rattazzi 517 1# $aAquela casa triste 675 ## $a821.134.3-34"18"$vBN$zpor$31023218 675 ## $a821.133.1-992Rattazzi, Maria.09(049.2)$vBN$zpor$31438247 700 #1 $aCastelo Branco,$bCamilo,$f1825-1890$320266 702 #1 $aMoreira,$bTânia Furtado,$f1984-$4080$31830948 801 #0 $aPT$bBN$gRPC 856 41 $uhttp://rnod.bnportugal.gov.pt/ImagesBN/winlibimg.aspx?skey=&doc=2219275&img=209800&save=true 900 ## $aBIBNAC$d20250725 966 ## $lBN$mFGMON$sL. 177454 V.$x1 966 ## $lBN$mFGMON$sL. 177454 V.-D$x1 971 ## $ccsilva$d20250704 972 ## $e0$z0$d20250725$vlrevez 973 ## $cigoulao$d20250716
Etiqueta de registo: 00000nam 2200025 450 001 2089222 003 http://id.bnportugal.gov.pt/bib/catbnp/2089222 100 ## $a20220107d2021 k y0pory01030103ba 101 0# $apor$deng 102 ## $aPT 105 ## $ay m 000yy 106 ## $ar 200 1# $a A literatura e o mal na ficção camiliana$fTânia Furtado Moreira$gorient. Luís Adriano Carlos 210 #9 $aPorto$c[s.n.],$d2021 215 ## $a421 p.$d30 cm 215 ## $a1 CD-ROM 305 ## $aEd. impressa e em CD-ROM 307 ## $aA ed. impressa não tem o curriculum vitae 328 #1 $aTese dout. Estudos Literários, Culturais e Interartísticos (Literatura e Cultura -Teoria
e Estética Literárias), Faculdade de Letras, Universidade do Porto, 2021 675 ## $a821.134.3Castelo Branco, Camilo.09(043)$vBN$zpor$31013963 700 #1 $aMoreira,$bTânia Furtado,$f1984-$31830948 702 #1 $aCarlos,$bLuís Adriano,$f1959-$4727$394425 801 #0 $aPT$bBN$gRPC 966 ## $lBN$mDEM$sL. 118578 P.$x1 966 ## $lBN$mFGMON$sL. 161096 V.$x1 971 ## $cfatima$d20220107 972 ## $e2$z0$d20220729$viquintas 973 ## $csteixeira$d20220701
Etiqueta de registo: 00254nam 2200025 450 001 2284461 003 http://id.bnportugal.gov.pt/bib/catbnp/2284461 010 ## $a978-98933-9155-6 021 ## $aPT$b559866/26 100 ## $a20260415d2026 m y0pory01030103ba 101 0# $apor 102 ## $aPT 105 ## $aa z 000yy 106 ## $ar 200 1# $aCamilo reloaded$e uma cadeia de olhares$fcoord. Tânia Furtado Moreira$gautores Alberto Péssimo... [et al.]$gposf. José Igreja Matos 210 #9 $a[S.l.$cs.n.],$d2026$g(Costa Carregal) 215 ## $a179, [1] p.$cil.$d24 cm 675 ## $a821.134.3Castelo Branco, Camilo.09(042)$vBN$zpor$31250482 675 ## $a821.134.3-82"19/20"$vBN$zpor$31359927 675 ## $a741/77.041.5A/Z"20"$vBN$zpor$31998359 702 #1 $aMoreira,$bTânia Furtado,$f1984-$4340$31830948 702 #1 $aPéssimo,$bAlberto,$cpseud.$4070$324377 702 #1 $aMatos,$bJosé Igreja$4075$31461513 801 #0 $aPT$bBN$gRPC 856 41 $uhttp://rnod.bnportugal.gov.pt/ImagesBN/winlibimg.aspx?skey=&doc=2284461&img=222359&save=true 900 ## $aBIBNAC$d20260520 966 ## $lBN$mFGMON$sL. 181837 V.$x1 966 ## $lBN$mFGMON$sL. 181837 V.-D$x1 971 ## $cabrito$d20260415 972 ## $e0$z0$d20260520$vlrevez 973 ## $ctrodrigues$d20260513
Etiqueta de registo: 00000nam 2200025 450 001 2285569 003 http://id.bnportugal.gov.pt/bib/catbnp/2285569 010 ## $a978-989-9214-23-1 021 ## $aPT$b561166/26 100 ## $a20260430d2026 m y0pory01030103ba 101 0# $apor 102 ## $aPT 105 ## $ay z 000cy 106 ## $ar 200 1# $aAmor de perdição$e o sublime camiliano$fTânia Furtado Moreira 210 #9 $aPorto$cExclamação,$d2026 215 ## $a206 p.$d23 cm 225 2# $aPoesia$v11 675 ## $a821.134.3Castelo Branco, Camilo.09$vBN$zpor$3604025 700 #1 $aMoreira,$bTânia Furtado,$f1984-$31830948 801 #0 $aPT$bBN$gRPC 856 41 $uhttp://rnod.bnportugal.gov.pt/ImagesBN/winlibimg.aspx?skey=&doc=2285569&img=223410&save=true 966 ## $lBN$mFGMON$sL. 182167 V.$x1 966 ## $lBN$mFGMON$sL. 182167 V.-D$x1 971 ## $corlando$d20260430 973 ## $cigoulao$d20260616
|
|
|